MARC

LEADER 00000nam0a2200000 4500
001 325250
005 20231102003739.0
035 |a (RuTPU)RU\TPU\book\350863 
090 |a 325250 
100 |a 20161201d1974 m y0rusy50 ca 
101 0 |a rus 
102 |a RU 
105 |a a z 000zy 
200 1 |a Новгород. Музей  |f сост. Э. Гордиенко 
210 |a Москва  |c Советская Россия  |d 1974 
215 |a 56 с.  |c ил. 
225 1 |a Древнерусская живопись 
606 1 |a Великий Новгород, г.  |x История  |2 stltpush  |3 (RuTPU)RU\TPU\subj\67078  |9 82961 
610 1 |a станковая живопись 
610 1 |a древнерусская живопись 
610 1 |a иконы 
610 1 |a музейные экспозиции 
686 |a Т3(235.0)  |v LBC/SL-A  |2 rubbk 
702 1 |a Гордиенко  |b Э.  |g Элиса  |4 220 
801 1 |a RU  |b 63413507  |c 20161201 
801 2 |a RU  |b 63413507  |c 20200723  |g RCR 
942 |c BK